000 00539nam a22001697a 4500
999 _c7930
_d7931
008 190425b ||||| |||| 00| 0 eng d
020 _a9780131850507
082 _a306 S43r 2008
245 _aReligion and culture :
_ban anthropological focus
250 _a2nd ed.
260 _aUpper Saddle River, N.J. :
_bPearson Prentice Hall,
_c2008.
300 _aviii, 472 p. :
_bill. ;
_c24 cm.
500 _a Includes bibliographical references.
650 _a Religion and culture. Religions.
700 _aScupin, Raymond.
942 _2ddc